10 Biggest Cities in Mexico - Statistics

General Stats
  • This quiz has been taken 20 times
  • The average score is 7 of 10
Answer Stats
Population Answer % Correct
5.7m Guadalajara
100%
23.0m Mexico City
100%
5.3m Monterrey
95%
2.4m Tijuana
95%
3.5m Puebla
80%
1.5m Juarez
75%
2.4m Toluca
45%
1.7m Ecatepec de Morelos
40%
1.3m San Luis Potosi
25%
1.8m Iztapalapa
0%
No matching quizzes found
Score Distribution
Percent of People with Each Score
Percentile by Number Answered
Your Score History
You have not taken this quiz